000 00670nam a22001817a 4500
999 _c8059
_d8059
003 AR-CdUCM
008 190322b ||||| |||| 00| 0 esp d
040 _aMUNICIPALIDAD PROVINCIAL DEL CUSCO
_cBIBLIOTECA MUNICIPAL DEL CUSCO
082 _a409.9 /
_bW78
100 _aWolff, Philippe
_95484
245 _aOrigen de las lenguas occidentales
_cPhilippe Wolff
260 _aMadrid :
_bGuadarrama,
_c1971.
300 _a256 paginas ;
_c19 cm.
505 _aLos orígenes remotos -- El periodo de formación -- La torre de Babel -- La cristalización -- De Dante a Caxton, Lutero y Nebrija.
650 _aFilosofía comparada
_922771
942 _2ddc
_cLIBROS
945 _aacrt